Puzzles to Puzzle You (Record no. 4597)

MARC details
000 -LEADER
fixed length control field 00359nam a2200157Ia 4500
003 - CONTROL NUMBER IDENTIFIER
control field OSt
008 - FIXED-LENGTH DATA ELEMENTS--GENERAL INFORMATION
fixed length control field 191201s2005 xx 000 0 und d
082 ## - DEWEY DECIMAL CLASSIFICATION NUMBER
Classification number 793.73
Item number DEP
100 ## - MAIN ENTRY--PERSONAL NAME
Personal name DEVI, Shakuntala
245 #0 - TITLE STATEMENT
Title Puzzles to Puzzle You
250 ## - EDITION STATEMENT
Edition statement 36th pr.
260 ## - PUBLICATION, DISTRIBUTION, ETC. (IMPRINT)
Place of publication, distribution, etc New Delhi
Name of publisher, distributor, etc Orient L
Date of publication, distribution, etc 2005
300 ## - PHYSICAL DESCRIPTION
Extent 143
650 ## - SUBJECT ADDED ENTRY--TOPICAL TERM
Topical term or geographic name as entry element B.Tech(IT)
942 ## - ADDED ENTRY ELEMENTS (KOHA)
Source of classification or shelving scheme Dewey Decimal Classification
Koha item type Text Books
Holdings
Withdrawn status Lost status Source of classification or shelving scheme Damaged status Not for loan Collection code Home library Current library Date acquired Source of acquisition Cost, normal purchase price Bill Number Total Checkouts Full call number Acc. no. / Barcode Date last seen Bill Date Koha item type Public note
    Dewey Decimal Classification     GENERAL PIET C-LIBRARY PIET C-LIBRARY 15/07/2010 The book company 55.00 2037   793.73 DEP 16038 04/12/2019 13/07/2010 Text Books Language
    Dewey Decimal Classification     GENERAL PIET C-LIBRARY PIET C-LIBRARY 15/07/2010 The book company 55.00 2037   793.73 DEP 16039 04/12/2019 13/07/2010 Text Books Language
    Dewey Decimal Classification     GENERAL PIET C-LIBRARY PIET C-LIBRARY 15/07/2010 The book company 55.00 2037   793.73 DEP 16041 04/12/2019 13/07/2010 Text Books Language
    Dewey Decimal Classification     GENERAL PIET C-LIBRARY PIET C-LIBRARY 15/07/2010 The book company 55.00 2037   793.73 DEP 16042 04/12/2019 13/07/2010 Text Books Language

Design & Developed by: PIET Central Library
R70 Miles Stone Pattikalyana Samalkha Panipat 132102
mail ID :- [email protected], Phone No:- 0180-2569700 Ex.216